Регионална библиотека "Любен Каравелов" - Русе

Крилати черноморци (Запис номер 182380)

MARC детайли
000 -Лидер
Контролно поле с фиксирана дължина 01273nam a2200313 c 4500
003 - Код на организацията, давaща контролен номер
Контролно поле BLK
005 - Дата и час на последна редакция
Контролно поле 20190507131845.0
008 - Елементи от данни с фиксирана дължина
fixed length control field 180411b bul|||||r ||||||| ||bul||
010 ## - Наследен системен номер
LC control number KNG00191304000
040 ## - Източник на каталожния запис
Идентификатор на билиотеката - собственик на записа BLK
041 ## - Код за език
Код за езика на текст/звукозапис или на отделно заглавие Български
Код за езика КДБФ Български
080 ## - УДК
Текстов определител УДК Военно дело. Военни науки. Народна отбрана. Въоръжени сили
УДК код - определител по УДК 355/359
УДК определител
УДК - код + определител 355/359
100 1# - Редна дума - Автор
Автор Денисов, Константин
Авторска отговорност първи автор
R(LIN) 342915
139 ## - Редно поле
Редна дума Денисов, Константин
Авторски знак Дени - Д 43
245 10 - Сведения за заглавието
Заглавие Крилати черноморци
Подзаглавни данни Докум. повест
Редно поле (дума) Константин Денисов; прев. от рус. Кузман Савов.
257 ## - Страна на издаване
Страна на създаване/издаване СССР
260 ## - Област на издателските данни
-- София
Име на издателя, разпространителя и проч. Воен. изд.
Година на издаване 1989
300 ## - Физическа характеристика
Страници 360 с.
Размери/Мащаб 21 см
380 ## - Жанр
Жанр Обществени науки
500 ## - Общи забележки
Забележка Прев. е направен от ръкоп. - Без тир.
650 #4 - Допълнително описание по предмет – тема
Основно описание – тема или топоним Военновъздушни сили - СССР - история
9 (RLIN) 293451
650 #4 - Допълнително описание по предмет – тема
Основно описание – тема или топоним Летци, съветски - спомени
9 (RLIN) 337799
700 1# - Други автори (авторска отговорност)
Лично име Савов, Кузман
Автороска отговорност (Описва отношението между автора и произведението) прев. от рус.
9 (RLIN) 368412
852 ## - Местоположение
Форматна сигнатура Цб 159273
856 4# - Електронен адрес и достъп
Електронен формат pdf - файл
Път до файла /url/
856 4# - Електронен адрес и достъп
Електронен формат pdf - файл
Път до файла /url/
942 ## - АРТИКУЛИ
Вид на библиотечния материал Книги
Скрит в OPAC Не
Koha issues (borrowed), all copies 1
944 ## - СЪЗДАВАНЕ И РЕДАКЦИЯ на ЗАПИСА
Създаване/Редакция Създаване
Дата на регистрацията/редакция 03.10.2016
Служител, извършил регистрацията/редакцията Грета_Цуфелде
944 ## - СЪЗДАВАНЕ И РЕДАКЦИЯ на ЗАПИСА
Създаване/Редакция Редакция
Дата на регистрацията/редакция 03.10.2016
Служител, извършил регистрацията/редакцията Грета_Цуфелде
999 ## - СИСТЕМНИ КОНТРОЛНИ НОМЕРА
Koha biblionumber 182380
Koha biblioitemnumber 182380
Наличности
Код за отписване Код за изгубен артикул Източник на класификационната схема Код за повреда Коз за рестрикции Код за отдаване Артикулен № Име на библиотеката - собственик Име на библиотеката, в която се намира в момента Статус (Текущо местоположение) Дата на вписване в системата Местоположение - отдел Цена в лева Инвентарен номер Систематично азбучна сигнатура Баркод Номер на екземпляра Цена в евро Служебна бележка Служебен тип на артикула
  Не е изгубен Universal Decimal Classification Не е повреден без рестрикции ползва се в читалня 313131 Регионална библиотека "Любен Каравелов" Русе Регионална библиотека "Любен Каравелов" Русе Хранилище 1989-01-01 Хранилище 1.99 521478 Цб 159273 120000521478 1 1.02 N: стар фонд Дата: 01.01.1989 Книги
Изтеглен Не е изгубен Universal Decimal Classification Не е повреден без рестрикции заемане за дома 313132 Регионална библиотека "Любен Каравелов" Русе Регионална библиотека "Любен Каравелов" Русе Заемна - подръчен фонд 1989-01-01 Заемна - подръчен фонд 1.99 522453 П 355/359/Д 43 522453 2 1.02 N: стар фонд Дата: 01.01.1989 Дата инв: 06.02.2018 Бележки инв: П2018 Книги
Vip Innovations Ltd, Rousse, Bulgaria 2025